书目信息 |
| 题名: |
北京失去平衡
|
|
| 作者: | 吴晔 选编 | |
| 分册: | ||
| 出版信息: | 西安 华岳文艺出版社 1988.7 |
|
| 页数: | 461页 | |
| 开本: | 20cm | |
| 丛书名: | 八十年代中期报告文学大选 | |
| 单 册: | ||
| 中图分类: | I15 | |
| 科图分类: | ||
| 主题词: | 报告文学--作品集--世界 | |
| 电子资源: | ||
| ISBN: | ||
| 000 | 00595nam0 2200205 45 | |
| 001 | 0312221749 | |
| 005 | 20031222171005.3 | |
| 010 | @dCNY7.20 | |
| 100 | @a20031222d1988 km y0chiy0120 ea | |
| 101 | @achi | |
| 105 | @a z 000yy | |
| 200 | 1 | @a北京失去平衡@ABei Jing Shi Qu Ping Heng@f吴晔等选编@FWu Ye Deng Xuan Bian |
| 210 | @a西安@c华岳文艺出版社@d1988.7 | |
| 215 | @a461页@d20cm | |
| 225 | 2 | @a八十年代中期报告文学大选 |
| 606 | 0 | @a报告文学@x作品集@x世界 |
| 690 | @aI15@v3 | |
| 701 | 0 | @a吴晔@4选编 |
| 801 | @aCN@bTSTCL@c20031222 | |
| 905 | @a213230@dI15@e174:1@b237807-808@f2@b237811@f1 | |
| 北京失去平衡/吴晔等选编.-西安:华岳文艺出版社,1988.7 |
| 461页;20cm.-(八十年代中期报告文学大选) |
| ISBN :CNY7.20 |
| ● |
| 相关链接 |
|
|
|
|
正题名:北京失去平衡
索取号:I15/174:1
 
预约/预借
| 序号 | 登录号 | 条形码 | 馆藏地/架位号 | 状态 | 备注 |
| 1 | 0237807 | 001593154 | 第二借阅区/ [索取号:I15/174:1] | 在馆 | |
| 2 | 0237808 | 001588268 | 第二借阅区/ [索取号:I15/174:1] | 在馆 | |
| 3 | 0237809 | 000776155 | 密集书库/ [索取号:I15/174:1] | 在馆 | |
| 4 | 0237811 | 000086873 | 第一样本阅览室/ [索取号:I15/174:1] | 在馆 |